Nie každý chce pracovať

Napriek oživeniu v národnom hospodárstve SR nedošlo k zásadnejšiemu obratu v recesnom transformačnom vývoji degresu v zamestnanosti. Miera nezamestnanosti v celoštátnom priemere r. 1994 bola 14,6 perc. Nutnosť inštitucionálneho vytvárania podmienok fungovania regionálnych trhov práce koncepčnou poli...

Descrizione completa

Salvato in:
Dettagli Bibliografici
Autore principale: Brhlovič, Gerhard
Natura: Capitolo di libro
Lingua:slovacco
Soggetti:
Tags: Aggiungi Tag
Nessun Tag, puoi essere il primo ad aggiungerne!!

MARC

LEADER 00000naa a2200000 4500
001 r017035
005 20221213095826.5
041 0 |a slo 
044 |a SK 
245 1 0 |a Nie každý chce pracovať  |c Gerhard Brhlovič 
520 |a Napriek oživeniu v národnom hospodárstve SR nedošlo k zásadnejšiemu obratu v recesnom transformačnom vývoji degresu v zamestnanosti. Miera nezamestnanosti v celoštátnom priemere r. 1994 bola 14,6 perc. Nutnosť inštitucionálneho vytvárania podmienok fungovania regionálnych trhov práce koncepčnou politikou štátu. 
610 2 0 |a Slovensko 
610 2 0 |a 1992-1995 
610 2 0 |a nezamestnanosť 
610 2 0 |a zamestnanosť 
610 2 0 |a politika sociálna 
610 2 0 |a miera nezamestnanosti 
610 2 0 |a absolventi 
100 1 |a Brhlovič, Gerhard